=LDR 00000nam 2200000 4500 =001 INLIS000000000024446 =005 20201208073819 =035 ##$$a 0010-061300000024446 =008 201208###########################0###### =041 ##$$a Ind =082 ##$$a 327.11 =090 ##$$a 327.11, Muz h =100 ##$$a Muzzafar, Chandra =245 1#$$a Hak asasi manusia dalam tata dunia baru, Menggugat dominasi global barat, Chandra Muzaffar =260 ##$$a 20 cm :$b Bandung =300 ##$$a 156 hlm, 20 cm =650 #4$$a Hubungan internasional - Politik =850 ##$$a NBPNMAT =990 ##$$a 111964/Pro.97 =990 ##$$a 00052316